[Event "IECG CE.2003.0.00060 email"]
[Site "IECG email"]
[Date "2003.10.08"]
[Round "?"]
[White "Clews, William A"]
[Black "Archer, Jim"]
[Result "1-0"]
[WhiteElo "1392"]
[BlackElo "1350"]
[PlyCount "45"]
[EventDate "2003.10.08"]
[EventType "tourn (corr)"]
[EventRounds "6"]
[SourceTitle "Corr 2008"]
[Source "ChessBase"]
[SourceDate "2008.06.24"]
[SourceVersion "1"]
[SourceVersionDate "2008.06.24"]
[SourceQuality "1"]

1. d4 Nf6 2. Nf3 d5 3. e3 Bg4 4. c4 e6 5. Qb3 Bxf3 6. Qxb7 Nbd7 7. gxf3 Qb8 8. Qxb8+ Rxb8 9. c5 c6 10. Nc3 Be7 11. Bd3 0-0 12. b3 h6 13. Bb2 Nh7 14. h4 Ndf6 15. 0-0-0 Rfe8 16. Rdg1 Bd8 17. e4 Bc7 18. e5 Nh5 19. Ne2 f6 20. f4 Rf8 21. Bg6 fxe5 22. Bxh5 exf4 23. f3 1-0